Manual de alumbrado

Tallennettuna:
Bibliografiset tiedot
Yhteisötekijä: Westinghouse Electric Corporation
Aineistotyyppi: Kirja
Kieli:English
Julkaistu: Madrid : Electronica iberica, 1952
Aiheet:
Tagit: Lisää tagi
Ei tageja, Lisää ensimmäinen tagi!

MARC

LEADER 00000nam a2200000Ia 4500
003 000575
005 20221231143845.0
008 140116s1952 sp a 000 ||eng d
040 |c cru CEDI 
082 |a 621.32 W516m 
110 |9 19398  |a Westinghouse Electric Corporation.  
245 |a Manual de alumbrado 
260 |c 1952  |a Madrid : Electronica iberica,  
300 |c 171 páginas ; ilustraciones 
650 |x ALUMBRADO ELECTRICO-- MANUALES  |9 19399 
942 |2 ddc  |c BK 
999 |c 13308  |d 13308